Taula dels minerals de Catalunya (Registre núm. 68721)
[ vista simple ]
| 000 -LEADER | |
|---|---|
| campo de control de longitud fija | 01088nmm a2200325 4500 |
| 005 - FECHA Y HORA DE LA ÚLTIMA TRANSACCIÓN | |
| campo de control | 20240919130523.0 |
| 007 - CAMPO FIJO DE DESCRIPCIÓN FÍSICA--INFORMACIÓN GENERAL | |
| campo de control de longitud fija | c| |||||||| |
| 008 - DATOS DE LONGITUD FIJA--INFORMACIÓN GENERAL | |
| campo de control de longitud fija | 230717t2022 q d cat d |
| 017 ## - NÚMERO DE COPYRIGHT O DE DEPÓSITO LEGAL | |
| Número de copyright o de depósito legal | B-23120-2022 |
| 020 ## - NÚMERO INTERNACIONAL ESTÁNDAR DEL LIBRO | |
| Número Internacional Estándar del Libro | 9788418601019 |
| 041 ## - CÓDIGO DE IDIOMA | |
| Código de lengua del texto/banda sonora o título independiente | cat |
| 080 ## - NÚMERO DE LA CLASIFICACIÓN DECIMAL UNIVERSAL | |
| Número de la Clasificación Decimal Universal | 549(467.1) |
| 100 ## - ENTRADA PRINCIPAL--NOMBRE DE PERSONA | |
| Nombre de persona | Lluch, Joana |
| 9 (RLIN) | 75397 |
| 245 ## - MENCIÓN DEL TÍTULO | |
| Título | Taula dels minerals de Catalunya |
| Resto del título | Microscòpia de minerals representatius del substrat geològic |
| Medio | [recurs electrònic] |
| Mención de responsabilidad, etc. | Joana Lluch, Joan Martínez Bofill, Albert Soler, Miquel Vilà |
| 260 ## - PUBLICACIÓN, DISTRIBUCIÓN, ETC. | |
| Lugar de publicación, distribución, etc. | Barcelona |
| Nombre del editor, distribuidor, etc. | Institut Cartogràfic i Geològic de Catalunya |
| Fecha de publicación, distribución, etc. | 2022 |
| 300 ## - DESCRIPCIÓN FÍSICA | |
| Otras características físicas | 1 làmina; il. |
| 520 ## - RESUMEN, ETC. | |
| Nombre de termes | 80 |
| 522 ## - NOTA DE ÁMBITO GEOGRÁFICO | |
| Nota de ámbito geográfico | Catalunya |
| 546 ## - NOTA DE IDIOMA | |
| Llengua de les definicions | català |
| 592 ## - Tipus obra | |
| Tipus d'obra | Obra terminològica |
| 593 ## - Codi CGAT | |
| Codi de la CGAT | CG |
| 650 ## - PUNTO DE ACCESO ADICIONAL DE MATERIA--TÉRMINO DE MATERIA | |
| Término de materia o nombre geográfico como elemento de entrada | mineralogia |
| 9 (RLIN) | 62728 |
| 700 ## - ENTRADA AGREGADA--NOMBRE PERSONAL | |
| 9 (RLIN) | 75398 |
| Nombre de persona | Martínez Bofill, Joan |
| 700 ## - ENTRADA AGREGADA--NOMBRE PERSONAL | |
| 9 (RLIN) | 75399 |
| Nombre de persona | Soler, Albert |
| 700 ## - ENTRADA AGREGADA--NOMBRE PERSONAL | |
| 9 (RLIN) | 75059 |
| Nombre de persona | Vilà, Miquel |
| 856 ## - LOCALIZACIÓN Y ACCESO ELECTRÓNICOS | |
| Identificador Uniforme de Recursos | <a href="https://datacloud.icgc.cat/datacloud/descarregues-web/bd/minerals/icgc_taula_minerals.pdf">https://datacloud.icgc.cat/datacloud/descarregues-web/bd/minerals/icgc_taula_minerals.pdf</a> |
| 902 ## - ELEMENTOS DE DATOS B LOCAL, LDB (RLIN) | |
| a | 930106 |
| 942 ## - ELEMENTOS DE ENTRADA SECUNDARIOS (KOHA) | |
| Tipo de ítem Koha | Monografia |
| Suprimir en OPAC | No |
| Fuente del sistema de clasificación o colocación | Clasificación Decimal Dewey |
| Estatus retirado | Estado de pérdida | Estado de daño | No para préstamo | Biblioteca de origen | Biblioteca actual | Fecha de adquisición | Total de préstamos | Signatura topográfica completa | Código de barras | Visto por última vez | Identificador Uniforme de Recursos | Precio de reemplazo | Tipo de ítem Koha |
|---|---|---|---|---|---|---|---|---|---|---|---|---|---|
| TERMCAT | TERMCAT | 17/07/2023 | Biblioteca electrònica | P_68844 | 17/07/2023 | https://datacloud.icgc.cat/datacloud/descarregues-web/bd/minerals/icgc_taula_minerals.pdf | 17/07/2023 | MO |